Probability and statistics for engineers and scientists / (Record no. 329469)

000 -LEADER
fixed length control field 01266cam a22002894a 4500
001 - CONTROL NUMBER
control field 12535998
003 - CONTROL NUMBER IDENTIFIER
control field NUST
005 - DATE AND TIME OF LATEST TRANSACTION
control field 20170509115243.0
008 - FIXED-LENGTH DATA ELEMENTS--GENERAL INFORMATION
fixed length control field 010917s2002 caua 001 0 eng
010 ## - LIBRARY OF CONGRESS CONTROL NUMBER
LC control number 2001051104
020 ## - INTERNATIONAL STANDARD BOOK NUMBER
International Standard Book Number 0534386695
040 ## - CATALOGING SOURCE
Original cataloging agency DLC
Transcribing agency DLC
Modifying agency DLC
042 ## - AUTHENTICATION CODE
Authentication code pcc
050 00 - LIBRARY OF CONGRESS CALL NUMBER
Classification number TA340
Item number .H38 2002
082 00 - DEWEY DECIMAL CLASSIFICATION NUMBER
Classification number 519.5 HAY
Edition number 21
100 1# - MAIN ENTRY--PERSONAL NAME
Personal name Hayter, Anthony J.
9 (RLIN) 165
245 10 - TITLE STATEMENT
Title Probability and statistics for engineers and scientists /
Statement of responsibility, etc. Anthony J. Hayter.
250 ## - EDITION STATEMENT
Edition statement 2nd ed.
260 ## - PUBLICATION, DISTRIBUTION, ETC.
Place of publication, distribution, etc. Pacific Grove, CA :
Name of publisher, distributor, etc. Duxbury,
Date of publication, distribution, etc. c2002.
300 ## - PHYSICAL DESCRIPTION
Extent xii, 916 p. :
Other physical details ill. ;
Dimensions 25 cm.
500 ## - GENERAL NOTE
General note Includes index.
501 ## - WITH NOTE
With note H.B
650 #0 - SUBJECT ADDED ENTRY--TOPICAL TERM
Topical term or geographic name entry element Engineering
General subdivision Statistical methods.
9 (RLIN) 129
650 #0 - SUBJECT ADDED ENTRY--TOPICAL TERM
Topical term or geographic name entry element Probabilities.
9 (RLIN) 79
856 42 - ELECTRONIC LOCATION AND ACCESS
Materials specified Publisher description
Uniform Resource Identifier <a href="http://www.loc.gov/catdir/enhancements/fy1515/2001051104-d.html">http://www.loc.gov/catdir/enhancements/fy1515/2001051104-d.html</a>
856 41 - ELECTRONIC LOCATION AND ACCESS
Materials specified Table of contents only
Uniform Resource Identifier <a href="http://www.loc.gov/catdir/enhancements/fy1515/2001051104-t.html">http://www.loc.gov/catdir/enhancements/fy1515/2001051104-t.html</a>
906 ## - LOCAL DATA ELEMENT F, LDF (RLIN)
a 7
b cbc
c orignew
d 1
e ocip
f 20
g y-gencatlg
942 ## - ADDED ENTRY ELEMENTS (KOHA)
Source of classification or shelving scheme
Koha item type Book
Call number prefix 519.5 HAY
Holdings
Withdrawn status Lost status Source of classification or shelving scheme Damaged status Not for loan Collection code Permanent Location Current Location Shelving location Date acquired Total Checkouts Full call number Barcode Date last seen Date last checked out Price effective from Koha item type
            Institute of Environmental Science and Engineering (IESE) Institute of Environmental Science and Engineering (IESE) General Stacks 05/09/2017 1 519.5 HAY IESE-892 12/18/2024 09/16/2024 05/09/2017 Book
© 2023 Central Library, National University of Sciences and Technology. All Rights Reserved.